000 00953nam0a22002891 4500
001 rc\2247056
005 20110826160948.7
035 _a(NLR Aleph) 006535805
090 _a6583126
_c6583126
100 _a20110826d1978 |||y0rusy50 ca
101 0 _arus
102 _aRU
105 _ay z |||||
200 1 _aГосударственный строй Дальневосточной республики
210 _aТомск
_cИзд-во Том. ун-та
_d1978
215 _a180 с.
_d20
606 _aГосударственный строй Дальневосточной республики
_2psbo
686 _aТ3(2)712.342,02
_2rubbk
686 _aХ2(2Р-4ДВ)-52,0
_2rubbk
700 1 _aГавло
_bЮ. Н.
_gЮлия Николаевна
801 0 _aRU
_bNLR
_gpsbo
801 1 _aRU
_bELAR
_2rusmarc
852 _aNLR
_j79-3/5571
899 _aRuMoRGB
_jБ 79-15/505
899 _aRuMoRGB
_jБ 79-15/506
942 _cBOOK
980 _aNB